[Event "AUTO-INT-1261"]
[Site "http://www.queenalice.com/game.php?id=604939"]
[Date "2009.6.17"]
[Round "2"]
[White "gedalias"]
[Black "TigerLilly"]
[Result "1-0"]
[WhiteElo "1802"]
[BlackElo "1596"]

1. e4 c5 2. Nf3 g6 3. d4 cxd4 4. Nxd4 Nc6 5. Nc3 Bg7 6. Be3 Nf6 7. Be2 O-O 8.
O-O d6 9. Bf3 Bd7 10. Re1 Ne5 11. Nd5 Re8 12. Nxf6+ Bxf6 13. Be2 Qa5 14. Bd2 Qb6
15. Bc3 Rac8 16. Nb3 Be6 17. Bd4 Qc6 18. c3 1-0

[Event "AUTO-BEG-303"]
[Site "http://www.queenalice.com/game.php?id=615169"]
[Date "2009.7.8"]
[Round "2"]
[White "dandahud"]
[Black "TigerLilly"]
[Result "0-1"]
[WhiteElo "1365"]
[BlackElo "1505"]

1. e4 c5 2. c3 g6 3. Qb3 Bg7 4. Qd5 d6 5. Bc4 e6 6. Bb5+ Ke7 7. Qg5+ Nf6 8. Nf3
h6 9. Qh4 g5 10. Qg3 a6 11. Bc4 e5 12. d4 cxd4 13. cxd4 Qc7 14. Na3 Nxe4 15. Qh3
Bxh3 16. gxh3 Nd7 0-1

[Event "AUTO-BEG-303"]
[Site "http://www.queenalice.com/game.php?id=615170"]
[Date "2009.7.8"]
[Round "2"]
[White "TigerLilly"]
[Black "dandahud"]
[Result "1-0"]
[WhiteElo "1494"]
[BlackElo "1425"]

1. e4 e5 2. Bc4 Qf6 3. Qf3 Bc5 4. Nc3 d5 5. Nxd5 Qd6 6. d3 c6 7. Nc3 Be6 8. Bb3
Nh6 9. h3 O-O 10. Bxh6 gxh6 11. Nge2 Na6 12. Qf6 h5 13. Ng3 Bb4 14. Nxh5 Bg4 15.
Qg7# 1-0

[Event "AUTO-INT-1266"]
[Site "http://www.queenalice.com/game.php?id=635301"]
[Date "2009.8.12"]
[Round "2"]
[White "d4c4Cc3"]
[Black "TigerLilly"]
[Result "1-0"]
[WhiteElo "2107"]
[BlackElo "1520"]

1. d4 Nf6 2. c4 e6 3. Nf3 Bb4+ 4. Bd2 c5 5. Bxb4 cxb4 6. Nbd2 b6 7. e4 d6 8.
Qa4+ Bd7 9. Qxb4 Qe7 10. e5 dxe5 11. Qxe7+ Kxe7 12. Nxe5 Rd8 13. Ndf3 Nc6 14.
Be2 Rac8 15. O-O Nxe5 16. Nxe5 Be8 17. Rfd1 Ne4 18. Rac1 Rc7 19. f3 1-0

[Event "AUTO-INT-1266"]
[Site "http://www.queenalice.com/game.php?id=635302"]
[Date "2009.8.12"]
[Round "2"]
[White "TigerLilly"]
[Black "d4c4Cc3"]
[Result "0-1"]
[WhiteElo "1549"]
[BlackElo "2044"]

1. e4 e6 2. d4 d5 3. Nd2 Nf6 4. e5 Nfd7 5. Bd3 c5 6. c3 Nc6 7. Ngf3 Qb6 8. O-O
f6 9. exf6 Nxf6 10. Qc2 cxd4 11. cxd4 Bd6 12. Nb3 Nb4 13. Qc3 Nxd3 14. Qxd3 Bd7
15. Bg5 Bb5 0-1

[Event "AUTO-INT-1266"]
[Site "http://www.queenalice.com/game.php?id=635305"]
[Date "2009.8.12"]
[Round "2"]
[White "TigerLilly"]
[Black "proficio"]
[Result "0-1"]
[WhiteElo "1527"]
[BlackElo "1982"]

1. e4 e6 2. d4 d5 3. Nd2 c5 4. exd5 Qxd5 5. Ngf3 cxd4 6. Bc4 Qd8 7. O-O a6 8.
Nb3 Be7 9. Nbxd4 Nf6 10. Qe2 O-O 11. Bf4 Bc5 12. Rad1 Qb6 13. Nb3 Nbd7 14. Ne5
Nxe5 15. Bxe5 Be7 16. Bc3 Qc7 17. Rd2 b6 0-1

[Event "AUTO-INT-1266"]
[Site "http://www.queenalice.com/game.php?id=635306"]
[Date "2009.8.12"]
[Round "2"]
[White "proficio"]
[Black "TigerLilly"]
[Result "1-0"]
[WhiteElo "1976"]
[BlackElo "1533"]

1. e4 c5 2. Nf3 g6 3. d4 cxd4 4. Qxd4 Nf6 5. Bb5 a6 6. Ba4 b5 7. Bb3 Nc6 8. Qe3
Bg7 9. e5 Ng4 10. Bxf7+ Kxf7 11. Qf4+ Ke8 12. Qxg4 Nxe5 13. Qe4 Nxf3+ 14. Qxf3
Rb8 15. O-O d6 16. Nc3 Bf5 17. Ne2 Rf8 18. Qc6+ Qd7 19. Qxd7+ 1-0

[Event "AUTO-BEG-302"]
[Site "http://www.queenalice.com/game.php?id=641193"]
[Date "2009.8.23"]
[Round "2"]
[White "jonamendall"]
[Black "TigerLilly"]
[Result "1-0"]
[WhiteElo "1809"]
[BlackElo "1498"]

1. e4 c5 2. Nf3 g6 3. d4 cxd4 4. Nxd4 Nc6 5. Nc3 Bg7 6. Be3 Nf6 7. Bc4 O-O 8.
O-O Nxe4 9. Bxf7+ Rxf7 10. Nxe4 d6 11. Ng5 Rf8 12. Nge6 1-0

[Event "AUTO-BEG-302"]
[Site "http://www.queenalice.com/game.php?id=641194"]
[Date "2009.8.23"]
[Round "2"]
[White "TigerLilly"]
[Black "jonamendall"]
[Result "0-1"]
[WhiteElo "1507"]
[BlackElo "1863"]

1. e4 e5 2. Bc4 Nf6 3. Qf3 Nc6 4. Ne2 Na5 5. d3 Nxc4 6. dxc4 Bc5 7. Nbc3 h6 8.
Bd2 d6 9. h3 O-O 10. g4 Nh7 11. h4 Nf6 12. g5 Ng4 13. gxh6 Bxf2+ 14. Kd1 Qf6 15.
Qxf6 Nxf6 16. hxg7 Kxg7 17. Rh2 Bb6 18. h5 Kh7 0-1

[Event "AUTO-BEG-302"]
[Site "http://www.queenalice.com/game.php?id=641195"]
[Date "2009.8.23"]
[Round "2"]
[White "Ieie"]
[Black "TigerLilly"]
[Result "1-0"]
[WhiteElo "1411"]
[BlackElo "1555"]

1. d4 Nf6 2. c4 e6 3. Nc3 Bb4 4. a3 Bxc3+ 5. bxc3 b6 6. Bg5 d6 7. e4 e5 8. Nf3
Nbd7 9. Bd3 Bb7 10. O-O O-O 11. Nd2 h6 12. Bh4 Re8 13. d5 1-0

[Event "AUTO-BEG-302"]
[Site "http://www.queenalice.com/game.php?id=641196"]
[Date "2009.8.23"]
[Round "2"]
[White "TigerLilly"]
[Black "Ieie"]
[Result "0-1"]
[WhiteElo "1579"]
[BlackElo "1387"]

1. e4 e5 2. Bc4 Nc6 3. Qf3 Nf6 4. Ne2 Bc5 5. Nbc3 a6 6. d3 O-O 7. Bg5 Be7 8. h3
b5 9. Bb3 Na5 10. Nd5 Nxd5 11. Bxd5 c6 12. Bxe7 Qxe7 13. Bb3 Nxb3 0-1